Sitcoms with 200+ Episodes - Statistics

General Stats
  • This quiz has been taken 93 times
  • The average score is 12 of 38
Answer Stats
# Episodes TV Show Years % Correct
21 236 Friends 1994-2004
91%
1 790 The Simpsons 1989-Present
89%
2 439 Family Guy 1999-Present
73%
6 279 The Big Bang Theory 2007-2019
65%
18 250 Modern Family 2009-2020
59%
7 275 Cheers 1982-1993
55%
29 208 How I Met Your Mother 2005-2014
55%
35 201 The Office 2005-2013
49%
3 388 American Dad! 2005-Present
46%
14 256 M*A*S*H* 1972-1983
40%
31 205 All in the Family 1971-1979
39%
9 264 Frasier 1993-2004
39%
28 210 Everybody Loves Raymond 1996-2005
38%
23 231 Roseanne 1988-2018
34%
10 262 Two and a Half Men 2003-2015
32%
15 255 Happy Days 1974-1984
30%
13 259 Married... with Children 1987-1997
29%
36 201 The Cosby Show 1984-1992
29%
32 204 Home Improvement 1991-1999
27%
5 287 Bob's Burgers 2011-Present
24%
30 207 The King of Queens 1998-2007
24%
38 200 That '70s Show 1998-2006
22%
17 253 The Jeffersons 1975-1985
22%
20 246 Will and Grace 1998-2020
22%
26 215 Family Matters 1989-1998
21%
12 259 King of the Hill 1997-2010
20%
11 260 Murphy Brown 1988-2018
18%
27 215 The Middle 2009-2018
18%
16 254 Bewitched 1964-1972
17%
8 274 The Beverly Hillbillies 1962-1971
16%
4 380 My Three Sons 1960-1972
15%
19 249 The Andy Griffith Show 1960-1968
13%
24 229 The Goldbergs 2013-2023
13%
37 200 Coach 1989-1997
9%
22 233 The Drew Carey Show 1995-2004
7%
34 201 The Facts of Life 1979-1988
7%
33 202 Alice 1976-1985
6%
25 222 Petticoat Junction 1963-1970
6%
No matching quizzes found
Score Distribution
Percent of People with Each Score
Percentile by Number Answered
Your Score History
You have not taken this quiz